000 00805nam a2200229 4500
003 CO-ViMGA
020 _a9789585404229
040 _aCO-ViMGA
_bspa
_cCO-ViMGA
090 _aP PIZ1
100 1 _aPizarnik, Flora Alejandra
_d1936-1972
_913337
245 1 0 _aPoesía completa
_c Alejandra Pizarnik ; edición a cargo de Ana Becciú
260 _aBogotá
_bPlaneta
300 _a470 páginas
_b23 cm
490 _aPlan Nacional de Lectura y Escritura Leer es mi Cuento / Ministerio de Cultura
500 _aRecomendado para público adulto
650 1 4 _aAutores Argentinos
_912978
650 1 4 _aLiteratura Argentina
_y Siglo Xx
_912066
650 1 4 _aPoesia Argentina
_ySiglo Xx
_913338
650 1 4 _aSentimientos En La Literatura
_913339
700 1 _aBecciú, Ana \ Becciú, Ana
_913340
942 _2ddc
_cBK
999 _c8595
_d8595